Инженерная гидрология и гидрометрия: учебное пособие для вузов

Bibliographic Details
Main Author: Грацианский М. Н. Михаил Николаевич
Language:Russian
Published: Москва, Высшая школа, 1966
Subjects:
Format: MixedMaterials Book
KOHA link:https://koha.lib.tpu.ru/cgi-bin/koha/opac-detail.pl?biblionumber=82848

MARC

LEADER 00000nam0a2200000 4500
001 82848
005 20231031095903.0
035 |a (RuTPU)RU\TPU\book\89041 
090 |a 82848 
100 |a 20051007d1966 m y0rusy50 ca 
101 0 |a rus 
102 |a RU 
105 |a a j 001zy 
200 1 |a Инженерная гидрология и гидрометрия  |e учебное пособие для вузов  |f М. Н. Грацианский 
210 |a Москва  |c Высшая школа  |d 1966 
215 |a 215 с.  |c ил. 
320 |a Библиогр.: с. 214-215 
610 1 |a гидрология 
610 1 |a учебные пособия 
610 1 |a гидрометрия 
610 1 |a основы 
610 1 |a регулирование 
610 1 |a стоки 
675 |a 627.1(075.8)  |v 3 
675 |a 551.48(075.8)  |v 3 
700 1 |a Грацианский  |b М. Н.  |g Михаил Николаевич 
801 1 |a RU  |b 63413507  |c 20051007  |g PSBO 
801 2 |a RU  |b 63413507  |c 20150326  |g PSBO 
900 |a Основы гидравлики, гидрологии и гидрометрии 
942 |c BK